Ilegální tisk v době nacistické okupace

Bibliographic Details
Main Authors: Kubíček, Jaromír, 1938- (Author), Lewandowska, Stanislava (Author)
Format: Article
Language:Slovak
Subjects:

MARC

LEADER 00000nab a2200000 a 4500
001 vtls000182058
003 SK-MaSNL
005 20260304060117.0
008 250422c1984 xo 0 slo
015 |a SNBRB19rr/mm-uuuuu 
035 |a CL0192171 
035 |a urn:nbn:sk:snk-ab4to 
035 |a (urnnbn)urn:nbn:sk:snk:ar-a03vdx 
035 |a (uuid)7d67bfb3-1482-4258-b366-ca4b80c470ea 
040 |a SNKBUCL  |b slo  |c SNKBUCL  |e AACR2 
041 0 |a slo 
044 |a xo  |c SK 
080 |a 070.18(438)  |2 1981 
100 1 |a Kubíček, Jaromír,  |d 1938-  |4 aut  |9 48338 
245 1 0 |a Ilegální tisk v době nacistické okupace  |c Jaromír Kubíček 
650 0 7 |a tlač ilegálna poľská  |2 snkbucl  |9 1342860 
655 7 |a články z novín a časopisov  |2 snkbucl  |9 267496 
700 1 |a Lewandowska, Stanislava  |4 aut  |9 1342861 
773 0 |t Otázky žurnalistiky  |g Roč. 27, č. 2 (1984), s. 51-52 
787 0 8 |i Rec.:  |a Lewandowska, Stanislava  |t Polska konspiracyja prasa informacyjnopolityczna 1939-1945  |d Warszawa : Czytelnik, 1982 
850 |a Slovenská národná knižnica 
852 |a Slovenská národná knižnica 
954 |a odborná, vedecká literatúra pôvodná (slovenská)  |2 lita 
958 |a article27 
958 |a RK 
958 |a OND 
958 |a EUIPO 
992 |a RBX 
999 |c 2727421  |d 2729351